000 00692nam a2200217 i 4500
001 68281
003 ES-MaACL
005 20230906170237.0
007 t|
008 040616s2001 sp ||||0| spa d
020 _a84-7030-911-0
040 _aM-BN
_bspa
_cM-BN
080 _a159.9 Lacan, Jacques
100 1 _aMarqués, Cristina.
_976979
245 1 3 _aEl sujeto tachado
_b: metáforas topológicas de Jacques Lacan /
_cCristina Márques.
260 _aMadrid :
_bBiblioteca Nueva,
_c[2001]
300 _a317 p. :
_bgráf. ;
_c21 cm.
504 _aBibliografía: p. 307-317.
600 1 4 _aLacan, Jacques-
_xCrítica e interpretación.
_969325
852 _aES-MaACL
_jL-27974
_bR.133754
999 _c68281
_d68281